000 00349nam a2200133 i 4500
001 bg
100 1 _aJarzyna, Henryk.
245 0 _aKryteria ustalania promieniowego rozkładu skoku śruby zakadłubowej /
_cH. Jarzyna.
260 _aWarszawa,
_c1984.
040 _cBPK
041 _apol
942 _cKS
008 s pl f |000 0 pol
999 _c27982
_d27982
856 _uhttp://koha.tu.koszalin.pl/cgi-bin/koha/opac-detail.pl?biblionumber=27982
_yKatalog online BPK